Thi pháp ca dao
Thi pháp học và việc nghiên cứu thi pháp ca dao. Những điều cần chú ý khi nghiên cứu thi pháp ca dao. Phân tích các yếu tố ngôn ngữ, thể thơ, kết cấu, thời gian và không gian nghệ thuật, biểu tượng, hình ảnh trong ca dao Việt Nam. Các yếu tố thi pháp trong một chỉnh thể nghệ thuật ca dao...
Bewaard in:
| Hoofdauteur: | |
|---|---|
| Formaat: | Boek |
| Taal: | Vietnamese |
| Gepubliceerd in: |
H.
NXB đại học Quốc gia Hà Nội
2006
|
| Editie: | In lần thư 2 |
| Onderwerpen: | |
| Tags: |
Voeg label toe
Geen labels, Wees de eerste die dit record labelt!
|
| Thư viện lưu trữ: | Mạng thư viện Đại học Đà Nẵng |
|---|
| LEADER | 01427nam a2200337 4500 | ||
|---|---|---|---|
| 001 | 000004328 | ||
| 003 | 463 | ||
| 005 | 20121211001217.0 | ||
| 008 | 110719s2006 viesd | ||
| 020 | |c 38000 | ||
| 041 | 0 | |a vie | |
| 082 | |a 398.9 |b NG-K | ||
| 100 | 0 | |a Nguyễn Xuân Kính |e Tác giả | |
| 245 | 0 | |a Thi pháp ca dao |c Nguyễn Xuân Kính | |
| 250 | |a In lần thư 2 | ||
| 260 | |a H. |b NXB đại học Quốc gia Hà Nội |c 2006 | ||
| 300 | |a 446 tr. |c 20 cm | ||
| 520 | |a Thi pháp học và việc nghiên cứu thi pháp ca dao. Những điều cần chú ý khi nghiên cứu thi pháp ca dao. Phân tích các yếu tố ngôn ngữ, thể thơ, kết cấu, thời gian và không gian nghệ thuật, biểu tượng, hình ảnh trong ca dao Việt Nam. Các yếu tố thi pháp trong một chỉnh thể nghệ thuật ca dao | ||
| 653 | |a Văn học Việt Nam | ||
| 653 | |a Ca dao Việt Nam | ||
| 910 | |a Huỳnh Thị Cẩm Lai |d 19/07/2011 | ||
| OWN | |a LSP | ||
| AVA | |a UDN50 |b LSP |d 398.9 NG-K |e check_holdings |t Error 5003 Not defined in file expand_doc_bib_avail. |h N |k 1 | ||
| 999 | |a From the UDN01 | ||
| AVA | |a UDN50 |b LSP |d 398.9 NG-K |e available |t Error 5001 Not defined in file expand_doc_bib_avail. |f 104 |g 0 |h N |i 16 |k 1 | ||
| TYP | |a Monograph | ||
| TYP | |a Printed language | ||
| 980 | |a Mạng thư viện Đại học Đà Nẵng | ||